|
|
|
|
| LEADER |
01292nam a2200325 a 4500 |
| 001 |
000459882 |
| 003 |
CZ BrMZK |
| 005 |
20210921132923.0 |
| 007 |
ta |
| 008 |
000115s1999 xr f 0 cze d |
| 015 |
|
|
|a cnb000884486
|
| 020 |
|
|
|a 80-7078-718-X
|
| 040 |
|
|
|a BOA001
|b cze
|
| 041 |
1 |
|
|a cze
|a slo
|
| 072 |
|
7 |
|a 338.3/.4
|x Hospodářská a výrobní odvětví
|2 Konspekt
|9 4
|
| 080 |
|
|
|a 338.48
|2 MRF
|
| 080 |
|
|
|a (062.534)
|2 MRF
|
| 245 |
0 |
0 |
|a Cestovní ruch '99 :
|b sborník referátů z Mezinárodní vědecké konference, která se konala na Vysoké škole báňské - Technické univerzitě v Ostravě, září 1999 /
|c [odborná redaktorka Viktorie Janečková]
|
| 250 |
|
|
|a 1. vyd.
|
| 260 |
|
|
|a Ostrava :
|b Akademie Jana Ámose Komenského,
|c 1999
|
| 300 |
|
|
|a 194 s. :
|b il. ;
|c 21 cm
|
| 500 |
|
|
|a Text též slov.
|
| 504 |
|
|
|a Obsahuje bibliografie
|
| 650 |
0 |
7 |
|a cestovní ruch
|7 ph119113
|2 czenas
|
| 655 |
|
7 |
|a sborníky konferencí
|7 fd133333
|2 czenas
|
| 700 |
1 |
|
|a Janečková, Viktorie
|7 mzk2005266577
|4 edt
|
| 710 |
2 |
|
|a Vysoká škola báňská - Technická univerzita Ostrava.
|b Ekonomická fakulta
|7 kn20010709388
|
| 910 |
|
|
|a BOA001
|b 2-1068.111
|
| 990 |
|
|
|a BK
|
| 996 |
6 |
|
|b 2610100912
|c 2-1068.111
|l MZK
|r Sklad / do 1 hodiny
|n 4
|p p.v.
|w 000459882
|u 000010
|a 1
|e BOA001
|j MZK50
|s P
|